Statistics for NBA Championship Coaches

Click here to take the quiz!

General Stats

  • This quiz has been taken 30,255 times
    (2,872 since last reset)
  • The average score is 11 of 20

Answer Stats

TeamsAnswer% Correct
Bulls, LakersPhil Jackson
95%
WarriorsSteve Kerr
94%
SpursGregg Popovich
88%
HeatErik Spoelstra
76%
CavaliersTyronn Lue
73%
NuggetsMichael Malone
71%
Lakers, HeatPat Riley
71%
CelticsDoc Rivers
70%
RaptorsNick Nurse
67%
BucksMike Budenholzer
63%
LakersFrank Vogel
58%
MavericksRick Carlisle
47%
PistonsLarry Brown
45%
PistonsChuck Daly
41%
RocketsRudy Tomjanovich
37%
CelticsK. C. Jones
35%
SuperSonicsLenny Wilkens
20%
76ersBilly Cunningham
18%
LakersPaul Westhead
18%
CelticsBill Fitch
17%

Score Distribution

Percentile by Number Answered

Percent of People with Each Score

Your Score History

You have not taken this quiz since the last reset